Uplatnenie noriem STN ISO 9000:2000 pre marketingové procesy v organizácii : Bakalárska práca

Enregistré dans:
Détails bibliographiques
Auteur principal: Bubelínyová, Zuzana (Auteur)
Autres auteurs: Šalgovičová, Jarmila, 1950- (xxx)
Format: Manuscrit Livre
Langue:slovaque
Publié: 2003 : STU v Bratislave MtF KIK, 2003
Sujets:
Tags: Ajouter un tag
Pas de tags, Soyez le premier à ajouter un tag!

MARC

LEADER 00000ntm a22000003a 4500
001 stu84321
005 20160719154757.7
008 040226s2003----xo------------------slo-d
040 |a STU  |b slo 
041 0 |a slo 
044 |a xo 
100 1 |a Bubelínyová, Zuzana  |4 aut 
245 1 |a Uplatnenie noriem STN ISO 9000:2000 pre marketingové procesy v organizácii :  |b Bakalárska práca 
260 |a 2003 :  |b STU v Bratislave MtF KIK,  |c 2003 
300 |a 37 s 
650 7 |a inžinierstvo kvality produkcie  |2 stusub 
700 1 |a Šalgovičová, Jarmila,  |d 1950-  |4 xxx  |u M4000  |U MTF Materiálovotechnologická fakulta  |T MTF Ústav priemyselného inžinierstva a manažmentu  |X 1492  |U M4000  |Y 84  |7 A000001492 
996 |b 284M055136  |c M*BP-536  |l MMSKP  |s P  |a 0  |w stu84321_0001